[Event "Biel Chess Festival 2024 - Master tournament"]
[Site "Biel/Bienne"]
[Date "2024.07.15"]
[Round "1"]
[Board "54"]
[White "Mata, Adilson"]
[Black "Cervantes Landeiro, Thalia"]
[Result "1/2-1/2"]
[WhiteElo "1973"]
[BlackElo "2271"]
[PlyCount "0"]
[EventDate "2024.07.15"]
[EventRounds "10"]
[EventCountry "SUI"]

1. d4 Nf6 2. Nf3 g6 3. g3 Bg7 4. Bg2 d5 5. O-O O-O 6. c4 dxc4 7. Na3 c3 8. bxc3 c5
9. Ne5 Nc6 10. Nxc6 bxc6 11. Bxc6 Bh3 12. Re1 Rc8 13. Bf3 Nd5 14. Bb2 cxd4 15. cxd4
Qa5 16. Qd3 Rfd8 17. Rec1 Rxc1+ 18. Rxc1 Bh6 19. Nc4 Qb5 20. a4 Qxa4 21. Ra1 Qb5
22. Ba3 e6 23. Bc5 a6 24. Ra5 Qb7 25. Nb6 Qc7 26. Qxa6 Rb8 27. Bxd5 exd5 28. Qa7
Qd8 29. Qxb8 Qxb8 30. Ra8 Qxa8 31. Nxa8 Be6 32. e3 Bg5 33. Kf1 Bd8 34. Bb6 Be7 35.
Nc7 Bd6 36. Nb5 Bb8 37. Bc5 f5 38. Bd6 Bd7 39. Bxb8  1/2-1/2